[Event "Chess Olympiad 2012"]
[Site "?"]
[Date "????.??.??"]
[Round "6"]
[White "Dominguez Perez, Leinier"]
[Black "Al-Modiahki, Mohamad"]
[Result "1/2-1/2"]
[WhiteElo "2725"]
[BlackElo "2542"]
[PlyCount "91"]

1. e4 c5 2. Nf3 Nc6 3. d4 cxd4 4. Nxd4 g6 5. c4 Nf6 6. Nc3 Nxd4 7. Qxd4 d6 8.
Be2 Bg7 9. Be3 O-O 10. Qd2 a5 11. f3 a4 12. Rc1 Qa5 13. Rc2 Be6 14. Nd5 Bxd5
15. cxd5 Nd7 16. Qxa5 Rxa5 17. O-O Nc5 18. Rb1 h5 19. Kf1 Kh7 20. Bg5 f6 21.
Bd2 Raa8 22. b4 axb3 23. axb3 Rfc8 24. Ke1 Bh6 25. Bxh6 Kxh6 26. b4 Na6 27. Kd2
Rxc2+ 28. Kxc2 f5 29. Bd3 fxe4 30. Bxe4 Nc7 31. Kb2 Ra4 32. Kb3 b5 33. f4 Kg7
34. Bf3 Na6 35. Kc3 Ra3+ 36. Kd4 Ra4 37. Be2 Nc7 38. Rb2 Kf6 39. Bd3 Ra3 40. g3
Ra4 41. Rb3 Ra1 42. Rc3 Na6 43. Rb3 Nc7 44. Rc3 Na6 45. Rb3 Nc7 46. Ke4 1/2-1/2

[Event "Chess Olympiad 2012"]
[Site "?"]
[Date "????.??.??"]
[Round "6"]
[White "Al-Sayed, Mohammed"]
[Black "Bruzon Batista, Lazaro"]
[Result "0-1"]
[WhiteElo "2517"]
[BlackElo "2711"]
[PlyCount "74"]

1. d4 Nf6 2. c4 e6 3. Nc3 Bb4 4. Qc2 c5 5. dxc5 O-O 6. Nf3 Na6 7. a3 Bxc3+ 8.
Qxc3 Nxc5 9. e3 a5 10. b3 d6 11. Be2 e5 12. Nd2 Bg4 13. f3 Bh5 14. e4 a4 15. b4
Ne6 16. Qe3 Nf4 17. O-O N6d5 18. exd5 Qg5 19. Kf2 Qh4+ 20. Kg1 Qg5 21. Kf2 Qh4+
22. Kg1 Nxe2+ 23. Qxe2 Qd4+ 24. Qf2 Qxa1 25. Ne4 Bg6 26. Nxd6 Qc3 27. Bb2 Qb3
28. f4 exf4 29. Qd4 f6 30. Nxb7 Rfe8 31. Nc5 Qc2 32. Rc1 Qf5 33. Ne6 Bf7 34.
Nc5 Re2 35. Nd3 f3 36. Nf2 Rae8 37. Bc3 Qg5 0-1

[Event "Chess Olympiad 2012"]
[Site "?"]
[Date "????.??.??"]
[Round "6"]
[White "Giri, Anish"]
[Black "Dgebuadze, Alexandre"]
[Result "1-0"]
[WhiteElo "2711"]
[BlackElo "2556"]
[PlyCount "83"]

1. e4 e6 2. d4 d5 3. e5 c5 4. c3 Bd7 5. Nf3 Nc6 6. Be2 Nge7 7. O-O cxd4 8. cxd4
a6 9. Nc3 Nf5 10. Bg5 Qb6 11. Na4 Qa7 12. Be3 b5 13. Nc3 Be7 14. Bd3 Nxe3 15.
fxe3 O-O 16. Ne2 f5 17. h4 Be8 18. Nf4 Qd7 19. g4 fxg4 20. Ng5 Bxg5 21. hxg5
Nb4 22. Bb1 Bg6 23. Nxg6 Rxf1+ 24. Qxf1 Qd8 25. a3 Nc6 26. Nf4 Qxg5 27. Kg2 Ne7
28. Bd3 Nf5 29. Bxf5 Qxf5 30. Qd3 Qf7 31. Rf1 Rf8 32. Qd1 h5 33. Rf2 g5 34. Nd3
Qg6 35. Rxf8+ Kxf8 36. Nc5 Ke8 37. Qd3 Qf7 38. Qf1 Qg6 39. Qf6 Qc2+ 40. Kg3 Qe2
41. Qh8+ Ke7 42. Qg7+ 1-0

[Event "Chess Olympiad 2012"]
[Site "?"]
[Date "????.??.??"]
[Round "7"]
[White "Radjabov, Teimour"]
[Black "Kramnik, Vladimir"]
[Result "1/2-1/2"]
[WhiteElo "2788"]
[BlackElo "2797"]
[PlyCount "74"]

1. Nf3 Nf6 2. g3 b6 3. Bg2 Bb7 4. c4 g6 5. Nc3 Bg7 6. O-O O-O 7. d4 Ne4 8. Nxe4
Bxe4 9. Be3 c5 10. Qd2 d6 11. Bh6 Nd7 12. Rfd1 Nf6 13. Rac1 Qc7 14. b3 cxd4 15.
Nxd4 Bxg2 16. Kxg2 Qb7+ 17. f3 Rfc8 18. e4 a6 19. a4 Rc5 20. Bxg7 Kxg7 21. Rc2
Nd7 22. Rdc1 Kg8 23. h4 Rac8 24. b4 Re5 25. Rb1 Qa8 26. b5 Rec5 27. Nc6 R8xc6
28. bxc6 Qxc6 29. Qb4 h5 30. Qb3 Kg7 31. Kf2 f6 32. Kg2 Ne5 33. Rbc1 Kh7 34.
Rc3 Kh8 35. R3c2 Kg7 36. Rc3 Ra5 37. Ra1 Rc5 1/2-1/2

[Event "Chess Olympiad 2012"]
[Site "?"]
[Date "????.??.??"]
[Round "7"]
[White "Grischuk, Alexander"]
[Black "Safarli, Eltaj"]
[Result "1-0"]
[WhiteElo "2763"]
[BlackElo "2620"]
[PlyCount "99"]

1. e4 c5 2. Nf3 e6 3. d4 cxd4 4. Nxd4 Nf6 5. Nc3 Nc6 6. Ndb5 Bb4 7. a3 Bxc3+ 8.
Nxc3 d5 9. exd5 exd5 10. Bd3 O-O 11. O-O d4 12. Ne2 Qd5 13. Nf4 Qd6 14. Nh5
Nxh5 15. Qxh5 h6 16. f4 f5 17. Bd2 Qf6 18. c4 Be6 19. b4 Qf7 20. Qxf7+ Kxf7 21.
Rfe1 b6 22. Re2 Rac8 23. Rae1 Rfe8 24. Bc1 a5 25. b5 Nb8 26. Bb2 Nd7 27. Bxd4
Nc5 28. Bxc5 Rxc5 29. Bb1 Bd7 30. Rxe8 Bxe8 31. Kf2 Bd7 32. Bd3 Be6 33. Ke3 Ke7
34. Kd4 Kd6 35. Re3 g6 36. Rg3 Bf7 37. Rh3 h5 38. Re3 Be6 39. Be2 Rc7 40. Kc3
Ke7 41. Re5 Kd6 42. Kd4 h4 43. Re3 Re7 44. Bf3 h3 45. g3 Rg7 46. Re5 g5 47. c5+
bxc5+ 48. Rxc5 gxf4 49. gxf4 Rg1 50. b6 1-0

[Event "Chess Olympiad 2012"]
[Site "?"]
[Date "????.??.??"]
[Round "7"]
[White "Mamedyarov, Shakhriyar"]
[Black "Karjakin, Sergey"]
[Result "1/2-1/2"]
[WhiteElo "2729"]
[BlackElo "2785"]
[PlyCount "68"]

1. d4 Nf6 2. c4 e6 3. Nf3 b6 4. a3 Bb7 5. Nc3 d5 6. Bg5 Be7 7. Qa4+ Bc6 8. Qb3
dxc4 9. Qxc4 O-O 10. Bxf6 Bxf6 11. e4 b5 12. Qd3 Nd7 13. Qe3 a6 14. Rd1 Qb8 15.
Bd3 e5 16. d5 Bb7 17. O-O Be7 18. b4 c5 19. dxc6 Bxc6 20. Bb1 a5 21. Nd5 Bxd5
22. exd5 Bd6 23. Rc1 axb4 24. axb4 Nf6 25. Nh4 e4 26. g3 Bxb4 27. Nf5 Qe5 28.
Qg5 Nd7 29. Bxe4 g6 30. Bd3 Kh8 31. Bxb5 Nf6 32. Qh4 Ba3 33. Rc6 Nxd5 34. Qd4
Qxd4 1/2-1/2

[Event "Chess Olympiad 2012"]
[Site "?"]
[Date "????.??.??"]
[Round "7"]
[White "Jakovenko, Dmitry"]
[Black "Mamedov, Rauf"]
[Result "1/2-1/2"]
[WhiteElo "2722"]
[BlackElo "2634"]
[PlyCount "71"]

1. d4 Nf6 2. c4 g6 3. Nc3 Bg7 4. e4 d6 5. Nf3 O-O 6. Be2 e5 7. O-O exd4 8. Nxd4
Re8 9. f3 Nc6 10. Be3 Nh5 11. f4 Nf6 12. Bf3 Ng4 13. Bxg4 Bxg4 14. Qd2 Na5 15.
b3 c5 16. Nc2 Nc6 17. f5 Bxc3 18. Qxc3 Rxe4 19. fxg6 hxg6 20. Qd2 Re5 21. Rae1
d5 22. Qf2 Bf5 23. Bxc5 Rxe1 24. Rxe1 dxc4 25. Nd4 Qd5 26. Nxc6 Qxc6 27. bxc4
Re8 28. Rxe8+ Qxe8 29. h3 b6 30. Bd4 Qe7 31. Qb2 Kh7 32. Qf2 Kg8 33. Qb2 Kh7
34. a3 Qe4 35. Qf2 g5 36. Qe3 1/2-1/2

[Event "Chess Olympiad 2012"]
[Site "?"]
[Date "????.??.??"]
[Round "7"]
[White "Movsesian, Sergei"]
[Black "Wang, Yue"]
[Result "0-1"]
[WhiteElo "2698"]
[BlackElo "2685"]
[PlyCount "69"]

1. c4 c6 2. Nf3 Nf6 3. Nc3 d5 4. e3 a6 5. d4 b5 6. c5 g6 7. Ne5 Bg7 8. f4 a5 9.
Be2 h5 10. O-O Bf5 11. Bf3 Ne4 12. a4 b4 13. Nxe4 dxe4 14. Be2 Be6 15. Qc2 Bd5
16. f5 Bxe5 17. dxe5 gxf5 18. Rxf5 Nd7 19. Bxh5 e6 20. Bxf7+ Ke7 21. Rf1 Qc7
22. Bg6 Nxe5 23. Bxe4 Nd3 24. Qxd3 Qxh2+ 25. Kf2 Raf8+ 26. Ke2 Rxf1 27. Kxf1
Qg3 28. Ke2 Rh1 29. Bd2 Rxa1 30. Bxd5 cxd5 31. Qh7+ Kd8 32. Kd3 Qg4 33. Qh8+
Kd7 34. b3 Qf5+ 35. Kd4 0-1

[Event "Chess Olympiad 2012"]
[Site "?"]
[Date "????.??.??"]
[Round "7"]
[White "So, Wesley"]
[Black "Leko, Peter"]
[Result "1/2-1/2"]
[WhiteElo "2652"]
[BlackElo "2737"]
[PlyCount "67"]

1. e4 e5 2. Nf3 Nc6 3. Bb5 a6 4. Ba4 Nf6 5. O-O Be7 6. Re1 b5 7. Bb3 O-O 8. c3
d5 9. exd5 Nxd5 10. Nxe5 Nxe5 11. Rxe5 c6 12. d4 Bd6 13. Re1 Qh4 14. g3 Qh3 15.
Re4 g5 16. Qf1 Qh5 17. Nd2 f5 18. Bd1 Qh6 19. Re1 f4 20. Ne4 Bc7 21. a4 Bh3 22.
Qe2 Bf5 23. Nc5 Rae8 24. Qxe8 Rxe8 25. Rxe8+ Kf7 26. Re1 Qh3 27. Ne4 Bxe4 28.
Rxe4 fxg3 29. fxg3 Bxg3 30. hxg3 Qxg3+ 31. Kh1 Qh3+ 32. Kg1 Qg3+ 33. Kh1 Qh3+
34. Kg1 1/2-1/2

[Event "Chess Olympiad 2012"]
[Site "?"]
[Date "????.??.??"]
[Round "7"]
[White "Almasi, Zoltan"]
[Black "Barbosa, Oliver"]
[Result "1-0"]
[WhiteElo "2713"]
[BlackElo "2554"]
[PlyCount "105"]

1. e4 c6 2. d4 d5 3. e5 Bf5 4. Nd2 e6 5. Nb3 Nd7 6. Nf3 a6 7. Be2 Ne7 8. O-O
Nc8 9. Ne1 Bg6 10. Nd3 Qc7 11. Nf4 Ne7 12. Bd2 c5 13. c3 cxd4 14. Nxg6 hxg6 15.
cxd4 Nc6 16. Rc1 Qb6 17. Be3 Be7 18. Bd3 O-O-O 19. Qf3 Rdf8 20. Rc3 Kb8 21.
Rfc1 Bb4 22. R3c2 Be7 23. Rd2 Ka8 24. h3 Qa7 25. a3 Bd8 26. Qe2 Qb6 27. Rc3 Be7
28. Qf3 g5 29. Rdc2 f6 30. Qe2 Ndb8 31. exf6 gxf6 32. Nc5 Bxc5 33. Rxc5 Rc8 34.
b4 Na7 35. Qd2 Nd7 36. Rxc8+ Rxc8 37. Rxc8+ Nxc8 38. g3 Nd6 39. Qe2 Qc7 40. Qh5
Qc3 41. Qg6 Ka7 42. h4 gxh4 43. gxh4 Qxa3 44. Kh2 a5 45. bxa5 Nf8 46. Qg3 Qxd3
47. Qxd6 Ng6 48. Qb6+ Ka8 49. Qd8+ Ka7 50. Qxf6 Qe4 51. Kg3 Qb1 52. f3 Qd3 53.
Bf2 1-0

[Event "Chess Olympiad 2012"]
[Site "?"]
[Date "????.??.??"]
[Round "7"]
[White "Illescas Cordoba, Miguel"]
[Black "Ponomariov, Ruslan"]
[Result "1/2-1/2"]
[WhiteElo "2601"]
[BlackElo "2734"]
[PlyCount "67"]

1. e4 e5 2. Nf3 Nc6 3. Bb5 a6 4. Bxc6 dxc6 5. O-O Be7 6. d3 Bf6 7. Be3 Ne7 8.
h3 Ng6 9. Nc3 O-O 10. Qd2 b6 11. Rad1 c5 12. Nd5 Be7 13. Nxe7+ Qxe7 14. Nh2 a5
15. a3 Be6 16. f4 f5 17. exf5 Bxf5 18. fxe5 Nxe5 19. Rde1 Nc6 20. Nf3 Qd7 21.
Bf4 Rae8 22. Rxe8 Rxe8 23. Qf2 Bg6 24. Ne5 Nxe5 25. Bxe5 Qe7 26. Re1 Qd7 27.
Qg3 a4 28. Bc3 Rxe1+ 29. Qxe1 c4 30. dxc4 Bxc2 31. Qe5 h6 32. c5 bxc5 33. Qxc5
Bb3 34. Qe5 1/2-1/2

[Event "Chess Olympiad 2012"]
[Site "?"]
[Date "????.??.??"]
[Round "7"]
[White "Bologan, Viktor"]
[Black "Naiditsch, Arkadij"]
[Result "1/2-1/2"]
[WhiteElo "2734"]
[BlackElo "2712"]
[PlyCount "69"]

1. d4 Nf6 2. c4 e6 3. g3 d5 4. Bg2 dxc4 5. Nf3 a6 6. Ne5 Bb4+ 7. Nc3 Nd5 8. Bd2
Bxc3 9. bxc3 b5 10. O-O O-O 11. a4 Bb7 12. Qb1 c5 13. e4 Nf6 14. Bg5 cxd4 15.
axb5 axb5 16. Qxb5 Rxa1 17. Rxa1 Ba6 18. Rxa6 Nxa6 19. Qxa6 dxc3 20. Qxc4 Qd1+
21. Bf1 c2 22. Kg2 h6 23. Be3 Rd8 24. Qc7 Rf8 25. f3 Qe1 26. Qc5 Rd8 27. Bd3
Ra8 28. Bxc2 Ra2 29. Bf2 Qc1 30. Qc8+ Kh7 31. Nxf7 Kg6 32. Ne5+ Kh7 33. Nf7 Kg6
34. Ne5+ Kh7 35. Nf7 1/2-1/2

[Event "Chess Olympiad 2012"]
[Site "?"]
[Date "????.??.??"]
[Round "7"]
[White "Peralta, Fernando"]
[Black "Sasikiran, Krishnan"]
[Result "1/2-1/2"]
[WhiteElo "2606"]
[BlackElo "2707"]
[PlyCount "61"]

1. d4 Nf6 2. c4 e6 3. Nc3 Bb4 4. e3 O-O 5. Bd3 d5 6. Nf3 c5 7. O-O Nc6 8. a3
Bxc3 9. bxc3 dxc4 10. Bxc4 Qc7 11. Bd3 e5 12. Qc2 Re8 13. dxe5 Nxe5 14. Nxe5
Qxe5 15. f3 Bd7 16. a4 Rad8 17. Re1 h5 18. e4 h4 19. Be3 Nh5 20. Bf1 h3 21. g4
Nf4 22. Qf2 Bc6 23. Bxc5 Qxc3 24. Bxa7 Nd3 25. Qe3 Qb2 26. Reb1 Qc2 27. Bxh3
Ne5 28. Rc1 Qb2 29. Rcb1 Qc2 30. Rc1 Qb2 31. Rcb1 1/2-1/2

[Event "Chess Olympiad 2012"]
[Site "?"]
[Date "????.??.??"]
[Round "7"]
[White "Ipatov, Alexander"]
[Black "Kamsky, Gata"]
[Result "0-1"]
[WhiteElo "2577"]
[BlackElo "2746"]
[PlyCount "120"]

1. d4 Nf6 2. c4 e6 3. Nc3 Bb4 4. e3 O-O 5. a3 Bxc3+ 6. bxc3 c5 7. Bd3 Nc6 8.
Ne2 b6 9. e4 Ne8 10. e5 Ba6 11. Qa4 Qc8 12. Bf4 f5 13. exf6 Nxf6 14. O-O Na5
15. Bd6 Rf7 16. dxc5 Ne8 17. Qc2 g6 18. Rad1 Bxc4 19. Bxc4 Nxc4 20. Qe4 Ncxd6
21. cxd6 Rb8 22. Qa4 Qb7 23. Rd4 Rc8 24. Rfd1 Rc5 25. Rf4 Qc6 26. Qxc6 Rxc6 27.
Ra4 a5 28. Rad4 Nf6 29. f3 Rf8 30. Kf2 e5 31. R4d3 e4 32. Rd4 Ng4+ 33. Kg1 exf3
34. gxf3 Ne5 35. Re4 Nxf3+ 36. Kg2 g5 37. Rd5 h6 38. Kg3 Nh4 39. Kg4 Rf6 40.
Kh5 Rcxd6 41. Rxd6 Rxd6 42. Nd4 Kf7 43. Re5 Ng6 44. Rf5+ Ke8 45. Rf1 Nf4+ 46.
Kg4 Nd5 47. Kh5 Nxc3 48. Nf5 Rd2 49. Kxh6 Rxh2+ 50. Kxg5 Nd5 51. Rd1 Rg2+ 52.
Kh4 Nf4 53. Rd4 Ne6 54. Rd6 Rb2 55. Ne3 Kd8 56. Nc4 Re2 57. Kg3 Kc7 58. Rd3 Nc5
59. Rd1 Rc2 60. Nd6 Rc3+ 0-1

[Event "Chess Olympiad 2012"]
[Site "?"]
[Date "????.??.??"]
[Round "7"]
[White "Gelfand, Boris"]
[Black "Vachier-Lagrave, Maxime"]
[Result "1/2-1/2"]
[WhiteElo "2738"]
[BlackElo "2686"]
[PlyCount "83"]

1. d4 Nf6 2. c4 g6 3. Nc3 d5 4. cxd5 Nxd5 5. e4 Nxc3 6. bxc3 Bg7 7. Nf3 c5 8.
Be3 Bg4 9. Rc1 O-O 10. Be2 Qa5 11. O-O Qxa2 12. Ra1 Qe6 13. h3 Bxf3 14. Bxf3
Qd7 15. Rb1 cxd4 16. cxd4 Nc6 17. d5 Na5 18. Be2 b6 19. Bf4 Rac8 20. Bg4 f5 21.
exf5 gxf5 22. Bf3 Nb7 23. Re1 Nc5 24. Qd2 Ne4 25. Bxe4 fxe4 26. Rxe4 Qf5 27. f3
Rc4 28. Rxc4 Qxb1+ 29. Kh2 Qb5 30. Re4 Qd7 31. Be5 Bxe5+ 32. Rxe5 Rf5 33. f4 a5
34. g4 Rxe5 35. fxe5 a4 36. d6 exd6 37. exd6 Kf7 38. Qd5+ Qe6 39. Qf3+ Qf6 40.
Qd5+ Qe6 41. Qf3+ Qf6 42. Qd5+ 1/2-1/2

[Event "Chess Olympiad 2012"]
[Site "?"]
[Date "????.??.??"]
[Round "7"]
[White "Fressinet, Laurent"]
[Black "Sutovsky, Emil"]
[Result "0-1"]
[WhiteElo "2714"]
[BlackElo "2687"]
[PlyCount "74"]

1. Nf3 Nf6 2. c4 g6 3. Nc3 d5 4. cxd5 Nxd5 5. Qb3 Nb6 6. d4 Bg7 7. e4 Bg4 8.
Bb5+ c6 9. Ng5 O-O 10. Be2 Bxe2 11. Nxe2 Na6 12. Qh3 h6 13. Nf3 Qd7 14. Qh4 h5
15. h3 c5 16. g4 cxd4 17. gxh5 d3 18. hxg6 fxg6 19. Ng5 Rf6 20. Nf4 Qd6 21. Rg1
Nc4 22. Nd5 Nb4 23. Nxf6+ Qxf6 24. Rg3 d2+ 25. Bxd2 Nc2+ 26. Kd1 Rd8 27. e5
Rxd2+ 28. Kc1 Nd4 29. Qxd4 Qc6 30. Qxd2 Nxd2+ 31. Kxd2 Bxe5 32. Rg4 Qd5+ 33.
Ke2 Bxb2 34. Rag1 Qxa2 35. Ne4 Kf7 36. Ng5+ Ke8 37. Kf3 a5 0-1

[Event "Chess Olympiad 2012"]
[Site "?"]
[Date "????.??.??"]
[Round "7"]
[White "Pantsulaia, Levan"]
[Black "Short, Nigel"]
[Result "0-1"]
[WhiteElo "2575"]
[BlackElo "2698"]
[PlyCount "84"]

1. Nf3 c5 2. c4 Nc6 3. Nc3 g6 4. e3 Nf6 5. d4 cxd4 6. exd4 d5 7. cxd5 Nxd5 8.
Bc4 Nxc3 9. Qb3 Nd5 10. Bxd5 e6 11. Bxc6+ bxc6 12. O-O Qd5 13. Qc3 f6 14. Bf4
g5 15. Bg3 Be7 16. Rfe1 Kf7 17. Rac1 Bb7 18. Re3 Rhe8 19. Qb3 c5 20. Qc2 Qf5
21. dxc5 Qxc2 22. Rxc2 Rec8 23. Rec3 Be4 24. Rc1 Bxf3 25. Rxf3 Rxc5 26. Rxc5
Bxc5 27. Rc3 Bd4 28. Rc7+ Kg6 29. b3 f5 30. Bd6 Rd8 31. Be7 Rd5 32. Kf1 Bb6 33.
Rc2 g4 34. b4 f4 35. Ke2 Rh5 36. h4 gxh3 37. gxh3 Rxh3 38. f3 Kf5 39. a4 e5 40.
Rc6 e4 41. fxe4+ Kxe4 42. Rc4+ Ke5 0-1

[Event "Chess Olympiad 2012"]
[Site "?"]
[Date "????.??.??"]
[Round "7"]
[White "Caruana, Fabiano"]
[Black "Georgiev, Vladimir"]
[Result "1-0"]
[WhiteElo "2773"]
[BlackElo "2566"]
[PlyCount "53"]

1. e4 e5 2. Nf3 Nc6 3. Bb5 a6 4. Ba4 Nf6 5. O-O b5 6. Bb3 Bb7 7. d3 Be7 8. a4
O-O 9. Re1 d6 10. Nbd2 Na5 11. Ba2 c5 12. Nf1 b4 13. Ne3 b3 14. Bxb3 Nxb3 15.
cxb3 Bc8 16. Nc4 Rb8 17. Bd2 Be6 18. h3 Qc8 19. Rc1 Qb7 20. b4 cxb4 21. Na5 Qd7
22. d4 exd4 23. Nc6 Rbc8 24. Nfxd4 d5 25. Bg5 h6 26. exd5 Nxd5 27. Bxe7 1-0

[Event "Chess Olympiad 2012"]
[Site "?"]
[Date "????.??.??"]
[Round "7"]
[White "Amanov, Mesgen"]
[Black "Shirov, Alexei"]
[Result "0-1"]
[WhiteElo "2516"]
[BlackElo "2706"]
[PlyCount "80"]

1. d4 Nf6 2. c4 e6 3. Nf3 d5 4. Nc3 c6 5. Bg5 h6 6. Bh4 dxc4 7. e4 g5 8. Bg3 b5
9. Be2 Bb7 10. Qc2 Nbd7 11. Rd1 Nh5 12. d5 Nxg3 13. hxg3 cxd5 14. exd5 exd5 15.
Nxd5 Bg7 16. Ne3 Qa5+ 17. Kf1 Rd8 18. Nf5 Kf8 19. Nxg7 Bxf3 20. Nf5 Bxe2+ 21.
Qxe2 Ne5 22. g4 f6 23. g3 Qc7 24. Rxd8+ Qxd8 25. f4 gxf4 26. gxf4 Nd3 27. Qe4
Rh7 28. Kg2 Qd5 29. Qxd5 Nxf4+ 30. Kf3 Nxd5 31. Ke4 Nb4 32. a4 bxa4 33. Kd4 Nd3
34. Kxc4 Ne5+ 35. Kd5 Nxg4 36. Ke6 Rb7 37. Rc1 Rb6+ 38. Nd6 Kg7 39. Rc4 Ne5 40.
Rc7+ Kg6 0-1

[Event "Chess Olympiad 2012"]
[Site "?"]
[Date "????.??.??"]
[Round "7"]
[White "Wojtaszek, Radoslaw"]
[Black "Djukic, Nikola"]
[Result "1-0"]
[WhiteElo "2717"]
[BlackElo "2523"]
[PlyCount "89"]

1. d4 Nf6 2. c4 e6 3. Nf3 b6 4. g3 Ba6 5. Qb3 Nc6 6. Nbd2 Na5 7. Qa4 c5 8. e4
Bb7 9. d5 exd5 10. exd5 Be7 11. Bd3 O-O 12. O-O d6 13. Re1 Bc8 14. Qc2 Nb7 15.
b3 Bg4 16. Bb2 Qd7 17. Ng5 h6 18. h3 Bh5 19. Nh7 Nxh7 20. Bxh7+ Kh8 21. Bf5 Qd8
22. g4 Bg6 23. Bxg6 fxg6 24. Qxg6 Bf6 25. Bxf6 Rxf6 26. Qh5 Qf8 27. Re2 Qf7 28.
Qxf7 Rxf7 29. Rae1 Raf8 30. f3 a6 31. Re8 Kg8 32. Kf2 b5 33. Rxf8+ Kxf8 34. Re6
Re7 35. f4 Rxe6 36. dxe6 Nd8 37. f5 Nc6 38. cxb5 axb5 39. Ne4 Ke7 40. Nc3 b4
41. Nd5+ Ke8 42. Ke3 Nd4 43. Ke4 Ne2 44. h4 Nd4 45. Nxb4 1-0

[Event "Chess Olympiad 2012"]
[Site "?"]
[Date "????.??.??"]
[Round "7"]
[White "Bruzon Batista, Lazaro"]
[Black "Meshkov, Yuri A"]
[Result "1-0"]
[WhiteElo "2711"]
[BlackElo "2390"]
[PlyCount "86"]

1. d4 e6 2. c4 Bb4+ 3. Nc3 c5 4. e3 Nf6 5. Nf3 b6 6. Bd3 Bb7 7. O-O Bxc3 8.
bxc3 Be4 9. Be2 O-O 10. Ne1 d6 11. f3 Bb7 12. e4 Nfd7 13. Nc2 Nc6 14. d5 Na5
15. dxe6 Ne5 16. exf7+ Rxf7 17. Ne3 Ba6 18. Nf5 Bxc4 19. Bxc4 Nexc4 20. Qd5 Qf8
21. Bf4 Kh8 22. Rad1 Rd8 23. Rfe1 g6 24. Bg5 Rdd7 25. Nh6 Rg7 26. e5 Nxe5 27.
Rxe5 dxe5 28. Qxd7 Rxd7 29. Rxd7 Nc4 30. Rxa7 Nd6 31. Ra8 Kg7 32. Rxf8 Kxf8 33.
Ng4 e4 34. Bd8 exf3 35. Bxb6 Ne4 36. gxf3 Nxc3 37. Bxc5+ Kf7 38. Bb4 Nxa2 39.
Bd2 Ke6 40. Kf2 h5 41. Ne3 Ke5 42. h4 Kd4 43. Ng2 Kd5 1-0

[Event "Chess Olympiad 2012"]
[Site "?"]
[Date "????.??.??"]
[Round "7"]
[White "Volokitin"]
[Black "Korneev"]
[Result "1/2-1/2"]
[WhiteElo "2709"]
[BlackElo "2581"]
[PlyCount "119"]
[EventDate "2012.??.??"]

1. e4 e5 2. Nf3 Nc6 3. Bb5 Nf6 4. O-O Nxe4 5. d4 Nd6 6. Bxc6 dxc6 7. dxe5 Nf5
8. Qxd8+ Kxd8 9. h3 Ke8 10. Nc3 h5 11. Ne2 Be7 12. Re1 b6 13. Bg5 Ba6 14. Rad1
Bxe2 15. Rxe2 Rd8 16. Rxd8+ Bxd8 17. Bxd8 Kxd8 18. e6 f6 19. Rd2+ Kc8 20. g4
hxg4 21. hxg4 Nd6 22. Nd4 Re8 23. Nf5 Rxe6 24. Nxg7 Re1+ 25. Kg2 Kd7 26. Nf5 c5
27. Ne3 Ke6 28. Rd1 Rxd1 29. Nxd1 Ke5 30. Kg3 Ne4+ 31. Kf3 Nd6 32. Ke2 a5 33.
Ne3 b5 34. f3 a4 35. Nd1 c6 36. Nf2 Nc4 37. Nd3+ Kd6 38. f4 a3 39. b3 Nb6 40.
g5 fxg5 41. fxg5 Nd5 42. Kd2 c4 43. bxc4 bxc4 44. Nc1 Ke5 45. Ne2 c5 46. Nc3
Nb4 47. Kc1 Kf5 48. Kb1 Kxg5 49. Nb5 Kf6 50. Nxa3 c3 51. Nc4 Ke6 52. a3 Nc6 53.
Ka2 Nd4 54. Ne3 Kd6 55. a4 Kc6 56. Kb1 Kb6 57. Nd5+ Ka5 58. Nxc3 Kb4 59. Kb2 c4
60. Ne4 1/2-1/2

[Event "Chess Olympiad 2012"]
[Site "?"]
[Date "????.??.??"]
[Round "8"]
[White "Kramnik, Vladimir"]
[Black "Ivanchuk, Vassily"]
[Result "1/2-1/2"]
[WhiteElo "2797"]
[BlackElo "2769"]
[PlyCount "155"]

1. Nf3 d6 2. d4 Nf6 3. c4 g6 4. Nc3 Bf5 5. e3 Bg7 6. Bd3 Bxd3 7. Qxd3 Nbd7 8.
b3 O-O 9. Bb2 e5 10. dxe5 dxe5 11. Rd1 Qe7 12. O-O Rfd8 13. Qc2 c6 14. Rd2 h6
15. Rfd1 e4 16. Nd4 h5 17. h3 h4 18. Nde2 Nf8 19. Nf4 Rxd2 20. Qxd2 N6d7 21.
Qd6 Qxd6 22. Rxd6 Nc5 23. Na4 Nxa4 24. Bxg7 Kxg7 25. bxa4 Re8 26. a5 a6 27. Rd2
Re5 28. Rb2 Rxa5 29. Rxb7 Rxa2 30. Rc7 Ra1+ 31. Kh2 Rf1 32. Rxc6 Rxf2 33. Rxa6
Rc2 34. Rd6 Rxc4 35. Kg1 Nh7 36. Rd7 Rc6 37. Re7 Nf6 38. Re5 Ra6 39. Ne2 Ra1+
40. Kf2 Ra2 41. Kf1 Rd2 42. Nf4 Kh6 43. Ke1 Rd7 44. Kf2 g5 45. Ne2 Rd2 46. Ke1
Ra2 47. Kf1 Ra3 48. Kf2 Ra2 49. Kf1 Rc2 50. g3 hxg3 51. Nxg3 Rh2 52. Nxe4 Nxe4
53. Rxe4 Rxh3 54. Kg2 Rh4 55. Re8 Kg6 56. Kg3 f5 57. Rg8+ Kf6 58. Rf8+ Ke6 59.
Rg8 Rg4+ 60. Kf3 Kf7 61. Ra8 Re4 62. Ra6 Re6 63. Ra4 Kg6 64. Ra8 Kf6 65. Ra4
Rb6 66. Ra8 Rb5 67. Rf8+ Kg7 68. Re8 Rb3 69. Ra8 Kg6 70. Rg8+ Kf6 71. Rf8+ Ke6
72. Rg8 g4+ 73. Kf4 Rb4+ 74. Kg3 Re4 75. Re8+ Kd5 76. Rd8+ Kc5 77. Kf2 Re5 78.
Rd4 1/2-1/2

[Event "Chess Olympiad 2012"]
[Site "?"]
[Date "????.??.??"]
[Round "8"]
[White "Ponomariov, Ruslan"]
[Black "Grischuk, Alexander"]
[Result "1/2-1/2"]
[WhiteElo "2734"]
[BlackElo "2763"]
[PlyCount "65"]

1. e4 c6 2. d4 d5 3. e5 Bf5 4. Nf3 e6 5. Be2 Ne7 6. c3 h6 7. O-O Nd7 8. Na3 Bh7
9. Nc2 c5 10. dxc5 Nxc5 11. Ncd4 Nc6 12. Be3 Be7 13. c4 O-O 14. Nxc6 bxc6 15.
Nd4 Rc8 16. Rc1 a5 17. cxd5 Qxd5 18. Bf3 Be4 19. Bxe4 Qxe4 20. Qc2 Qxc2 21.
Rxc2 Rfd8 22. g3 Rd5 23. Rfc1 g5 24. Nf5 exf5 25. Bxc5 Rxe5 26. Bxe7 Rxe7 27.
Rxc6 Rxc6 28. Rxc6 Re2 29. Ra6 Rxb2 30. Rxa5 Kg7 31. a4 Ra2 32. Kg2 g4 33. Rxf5
1/2-1/2

[Event "Chess Olympiad 2012"]
[Site "?"]
[Date "????.??.??"]
[Round "8"]
[White "Karjakin, Sergey"]
[Black "Volokitin, Andrei"]
[Result "1-0"]
[WhiteElo "2785"]
[BlackElo "2709"]
[PlyCount "127"]

1. e4 e5 2. Nf3 Nf6 3. Nc3 Nc6 4. d4 exd4 5. Nxd4 Bb4 6. Nxc6 bxc6 7. Bd3 d5 8.
exd5 Qe7+ 9. Qe2 Nxd5 10. Qxe7+ Kxe7 11. a3 Ba5 12. b4 Bb6 13. Bb2 a5 14. O-O
Nf4 15. Rae1+ Ne6 16. Na4 f6 17. Nxb6 cxb6 18. Re3 axb4 19. axb4 Ra2 20. Rb1 b5
21. c4 Rd8 22. cxb5 cxb5 23. Bxb5 Ba6 24. Bxa6 Rxa6 25. Kf1 Rd5 26. Ke1 Kd7 27.
g3 Ra2 28. h4 h5 29. Re2 Nc7 30. Bc1 Rxe2+ 31. Kxe2 g5 32. Be3 gxh4 33. gxh4
Nb5 34. Rc1 Nd6 35. f3 Rb5 36. Bc5 Nb7 37. Bf8 Nd8 38. Rc5 Rb8 39. Rxh5 Ne6 40.
Rh7+ Kc6 41. Be7 Nf4+ 42. Ke3 Nd5+ 43. Ke4 Nxe7 44. Rxe7 Rxb4+ 45. Kf5 Rxh4 46.
Re4 Rh8 47. Rd4 Kc5 48. Rd3 Ra8 49. f4 Ra4 50. Rd7 Kc6 51. Rf7 Kd6 52. Rxf6+
Ke7 53. Kg6 Ra1 54. Rf7+ Ke8 55. f5 Rg1+ 56. Kf6 Rf1 57. Ra7 Rf2 58. Ra8+ Kd7
59. Rf8 Rh2 60. Kg7 Rg2+ 61. Kf7 Ra2 62. f6 Ra7 63. Re8 Ra6 64. Re1 1-0

[Event "Chess Olympiad 2012"]
[Site "?"]
[Date "????.??.??"]
[Round "8"]
[White "Moiseyenko, Aleksandr"]
[Black "Tomashevsky, Evgeny"]
[Result "1/2-1/2"]
[WhiteElo "2706"]
[BlackElo "2730"]
[PlyCount "87"]

1. d4 d5 2. c4 c6 3. Nf3 Nf6 4. Nc3 a6 5. Bg5 dxc4 6. a4 h6 7. Bxf6 exf6 8. e3
Bd6 9. Bxc4 O-O 10. O-O Nd7 11. Ne4 Nb6 12. Nxd6 Qxd6 13. Bb3 a5 14. Qc2 Be6
15. Bxe6 Qxe6 16. e4 Rfe8 17. Rfe1 Qc4 18. Qd1 Rad8 19. b3 Qb4 20. Qc2 Nd7 21.
Rad1 Nf8 22. g3 Ne6 23. Qc4 Re7 24. Qxb4 axb4 25. Rd2 f5 26. d5 cxd5 27. Rxd5
fxe4 28. Rxd8+ Nxd8 29. Nd4 Kf8 30. Rc1 e3 31. fxe3 Rxe3 32. Rc4 Rd3 33. Rxb4
Ke7 34. Kf2 Rd2+ 35. Ne2 Rb2 36. Ke3 Kd7 37. h4 Kc7 38. Nf4 Nc6 39. Rb5 Rb1 40.
Nd5+ Kc8 41. Nc3 Rc1 42. Nd5 Rb1 43. Nb6+ Kc7 44. Nd5+ 1/2-1/2

[Event "Chess Olympiad 2012"]
[Site "?"]
[Date "????.??.??"]
[Round "8"]
[White "Mamedyarov, Shakhriyar"]
[Black "Wang, Yue"]
[Result "1-0"]
[WhiteElo "2729"]
[BlackElo "2685"]
[PlyCount "78"]

1. d4 d5 2. c4 c6 3. Nf3 Nf6 4. Qb3 dxc4 5. Qxc4 Bf5 6. g3 e6 7. Bg2 Nbd7 8.
O-O Be7 9. Nc3 O-O 10. Re1 Ne4 11. Qb3 Qb6 12. Nh4 Qxb3 13. axb3 Bb4 14. Nxf5
exf5 15. Nxe4 Bxe1 16. Nd6 Bb4 17. Nxb7 Rfc8 18. Na5 Bxa5 19. Rxa5 Rab8 20.
Rxa7 Nf6 21. Ra6 Ra8 22. Ra4 Rxa4 23. bxa4 c5 24. Bf4 cxd4 25. Bb7 Rc4 26. a5
Ne4 27. a6 Ra4 28. b4 Nc3 29. Bc7 Nxe2+ 30. Kg2 Nc3 31. Ba5 Nb5 32. Bc6 Rxa5
33. Bxb5 Ra1 34. Bc4 d3 35. Bxd3 Kf8 36. b5 Ke7 37. b6 Kd6 38. Bb5 Kc5 39. b7
Kd5 1-0